[Event "Gijon op 1st"]
[Site "Gijon"]
[Date "2023.07.01"]
[Round "8"]
[White "Alvarez Perez, Adan"]
[Black "Panelo Munoz, Marcelo A"]
[Result "0-1"]
[WhiteElo "2254"]
[BlackElo "2366"]
[PlyCount "74"]
[EventDate "2023.06.26"]
[EventType "swiss"]
[EventRounds "9"]
[EventCountry "ESP"]
[SourceTitle "EXT 2024"]
[Source "ChessBase"]
[SourceDate "2023.10.10"]
[SourceVersion "1"]
[SourceVersionDate "2023.10.10"]
[SourceQuality "1"]

1. e4 e5 2. Nf3 Nc6 3. c3 d5 4. d3 dxe4 5. dxe4 Qxd1+ 6. Kxd1 f5 7. Bb5 Bd7 8. Re1 0-0-0 9. exf5 e4 10. Bxc6 exf3 11. Bxf3 Ba4+ 12. Ke2 Bb5+ 13. Ke3 Nf6 14. Rd1 Bc5+ 15. Kf4 Rxd1 16. Bxd1 Re8 17. Nd2 Re1 18. Bf3 Bd6+ 19. Kg5 Be7 20. Nb3 Ne4+ 21. Kg4 Nxf2+ 22. Kg3 Nh1+ 23. Kh3 Nf2+ 24. Kg3 Nd3 25. Bf4 Rxa1 26. Nxa1 Nxf4 27. Kxf4 Bd6+ 28. Kg4 Bxh2 29. Nb3 Be5 30. a4 Bxa4 31. Bxb7+ Kxb7 32. Nc5+ Kc6 33. Nxa4 Kb5 34. b3 c5 35. Nb2 Bxc3 36. Nd3 c4 37. bxc4+ Kxc4 0-1

[Event "ESP-ch U12"]
[Site "Granada"]
[Date "2016.07.09"]
[Round "9"]
[White "Alvarez Perez, Adan"]
[Black "Abrisqueta Zudaire, Leyre"]
[Result "0-1"]
[WhiteElo "1432"]
[BlackElo "1553"]
[PlyCount "74"]
[EventDate "2016.07.04"]
[EventType "swiss"]
[EventRounds "9"]
[EventCountry "ESP"]
[SourceTitle "EXT 2024"]
[Source "ChessBase"]
[SourceDate "2023.10.10"]
[SourceVersion "1"]
[SourceVersionDate "2023.10.10"]
[SourceQuality "1"]

1. d4 Nf6 2. Nf3 c5 3. e3 d5 4. dxc5 Bg4 5. Be2 e6 6. 0-0 Bxc5 7. b3 0-0 8. Bb2 Nc6 9. Nbd2 Qe7 10. Ne1 Bf5 11. Nd3 Bd6 12. c4 Rad8 13. cxd5 exd5 14. Nf3 h6 15. Rc1 Ne4 16. Nd4 Nxd4 17. Bxd4 Rfe8 18. f3 Ng5 19. Qd2 Ne6 20. Bxa7 Ra8 21. Bb6 Ra6 22. Ba5 Rea8 23. Bc3 Rxa2 24. Qd1 Qg5 25. Bd2 Qg6 26. Bc3 Rxe2 27. Qxe2 Bxd3 28. Qd2 Bxf1 29. Rxf1 Qg5 30. f4 Qf5 31. h3 Qe4 32. Rf3 Rc8 33. Rg3 Qb1+ 34. Kh2 Qxb3 35. Bf6 Kh7 36. e4 Qxg3+ 37. Kxg3 Bxf4+ 0-1

[Event "ESP-ch U12"]
[Site "Granada"]
[Date "2016.07.04"]
[Round "2"]
[White "Reyes Penas, Sebastian"]
[Black "Alvarez Perez, Adan"]
[Result "1-0"]
[WhiteElo "1746"]
[BlackElo "1432"]
[PlyCount "69"]
[EventDate "2016.07.04"]
[EventType "swiss"]
[EventRounds "9"]
[EventCountry "ESP"]
[SourceTitle "EXT 2024"]
[Source "ChessBase"]
[SourceDate "2023.10.10"]
[SourceVersion "1"]
[SourceVersionDate "2023.10.10"]
[SourceQuality "1"]

1. e4 c5 2. Nf3 d6 3. d4 cxd4 4. Nxd4 Nf6 5. Nc3 g6 6. g3 Bg7 7. Bg2 0-0 8. 0-0 Nc6 9. Nde2 Rb8 10. a4 a6 11. h3 Nd7 12. Nd5 Re8 13. c3 b5 14. axb5 axb5 15. Nd4 Bb7 16. Nxb5 Nce5 17. Nbc7 Rf8 18. Bg5 Nc6 19. Na6 Ra8 20. Nab4 Re8 21. Rxa8 Bxa8 22. Nxc6 Bxc6 23. Qe2 h6 24. Be3 Qb8 25. Ra1 Ne5 26. Nb6 Qb7 27. f4 Nd7 28. Nxd7 Qxd7 29. Ra7 Qe6 30. f5 Qe5 31. fxg6 fxg6 32. Qc4+ Kh7 33. Qxc6 Rb8 34. Bd4 Qxg3 35. Rxe7 1-0